З життя в царсько-сталінському Сибірі (Запис № 574734)

МАРК-запис
000 -Лідер
fixed length control field 00748nam a22002177a 4500
001 - Контрольний номер
control field 2162214035923944
003 - Ідентифікатор контрольного номера
control field UA-OsUOA
005 - Дата та час останнього входження (трансакції)
control field 20230801140707.0
008 - Елементи даних фіксованої довжини – загальна інформація
fixed length control field 230728b un ||||| |||| 00| 0 ukr d
040 ## - Джерело каталогізації
Агенція оригінальної каталогізації UA-OsUOA
Мова каталогізації ukr
Агенція, яка здійснювала перезапис UA-OsUOA
Агенція, яка здійснювала модифікацію UA-OsUOA
041 ## - Код мови
Код мови тексту/ звукової доріжки чи окремого заголовка (П) ukr
080 ## - Індекс Універсальної десяткової класифікації
Індекс Універсальної десяткової класифікації (УДК) (НП) 82:929
090 ## - Локальний шифр розміщення
Класифікаційний індекс УДК 82:929
Авторський знак (НП) Н53
100 ## - Основне введення – ім’я особи
Ім’я особи (НП) Непідсудний Т.
245 ## - Відомості про назву
Назва (НП) З життя в царсько-сталінському Сибірі
Дані про відповідальність (НП) Т. Непідсудний
260 ## - Публікація, розповсюдження і т.п. (Вихідні дані)
Дата публікації, розповсюдження і т.п. (П) 1951
300 ## - Фізичний опис
Обсяг 131 с.
650 ## - Додаткове предметне введення – тематичний термін
Джерело заголовка чи терміна UDC
Тематичний термін чи географічна назва, як елемент введення (НП) 82 Література. Літературознавство
942 ## - Додаткові елементи входу (Коха)
Source of classification or shelving scheme Universal Decimal Classification
Тип елемента Koha Книги
Фонди
Стан вилучень Стан втрат Джерело класифікації або схеми стелажів Стан уражень Не для кредиту Код колекції Постійне місце розташування Поточне розміщення Дата придбання Джерело придбання Інвентарний номер Усього замовленно Повний номер виклику Штрих-код Дата останнього перегляду Ціна ефективна від Тип елемента Koha
    Universal Decimal Classification     Колекція др. Константина Бризгуна (Оксани і Ярослава Соколиків) Наукова бібліотека ІДУД Наукова бібліотека ІДУД 28/07/2023 Акт надходжень №1/09.06.2023 (загальний) 2140499   82:929 Н53 2140499 28/07/2023 28/07/2023 Книги
    Universal Decimal Classification     Колекція др. Константина Бризгуна (Оксани і Ярослава Соколиків) Наукова бібліотека ІДУД Наукова бібліотека ІДУД 17/08/2023 Акт надходжень №4/02.08.2023 (від Соколиків) 2140591   82:929 Н53 2140591 17/08/2023 17/08/2023 Книги